| 000 | 00356nam a2200133 a 4500 | ||
|---|---|---|---|
| 005 | 20140414132141.0 | ||
| 008 | 140201s19uu xx 00 eng d | ||
| 020 | _a9781603209212 | ||
| 050 |
_aREF 973 _bTi48 2012 |
||
| 245 | _aTime for kids alamanac 2013. | ||
| 260 |
_aNew York : _bTime Home Entertainment Inc, _cc2012. |
||
| 300 | _a256 | ||
| 999 |
_c115353 _d115353 |
||